Word Power made easy (Record no. 4292)

MARC details
000 -LEADER
fixed length control field 00378nam a22001577a 4500
005 - DATE AND TIME OF LATEST TRANSACTION
control field 20260408110507.0
008 - FIXED-LENGTH DATA ELEMENTS--GENERAL INFORMATION
fixed length control field 160627b xxu||||| |||| 00| 0 eng d
041 ## - LANGUAGE CODE
Language code of text/sound track or separate title eng
082 ## - DEWEY DECIMAL CLASSIFICATION NUMBER
Classification number 428
100 ## - MAIN ENTRY--AUTHOR NAME
Personal name Lewis, Norman
245 ## - TITLE STATEMENT
Title Word Power made easy
260 ## - PUBLICATION, DISTRIBUTION, ETC. (IMPRINT)
Name of publisher W.R. Goyel
Year of publication 2004
300 ## - PHYSICAL DESCRIPTION
Number of Pages 686
650 ## - SUBJECT ADDED ENTRY--TOPICAL TERM
Topical Term Standard English usage & vocabulary
942 ## - ADDED ENTRY ELEMENTS (KOHA)
Koha item type Books
Holdings
Lost status Damaged status Collection code Home library Current library Shelving location Date acquired Cost, normal purchase price Full call number Accession Number Koha item type
    LIFE SKILL JRU Library JRU Library SHELF-101-D 27/06/2016 99.00 428 10507 Books